[Event "Russian Championship B13 1st league 2016"]
[Site "Loo"]
[Date "2016.04.26"]
[Round "7.56"]
[White "Novikov, Ivan"]
[Black "Kuzakov, Dmitriy"]
[Result "1-0"]
[WhiteElo "1330"]
[BlackElo "1553"]
[PlyCount "57"]
[EventDate "2016.04.20"]

1. Nf3 d5 2. g3 Nc6 3. d4 g6 4. Bg2 Bg7 5. O-O e6 6. e3 Nge7 7. c4 O-O 8. Nbd2
Re8 9. Qc2 Nf5 10. a3 a5 11. b3 Nce7 12. Bb2 c6 13. Rad1 Bd7 14. e4 dxe4 15.
Nxe4 Qc7 16. Nc5 b6 17. Nxd7 Qxd7 18. Ne5 Qc7 19. Qe4 Rac8 20. b4 axb4 21. axb4
Red8 22. Rfe1 Qd6 23. c5 Qc7 24. Ra1 Nd5 25. Ra6 Qb7 26. Rea1 Bxe5 27. Qxe5
bxc5 28. dxc5 Qb8 29. Qh8# 1-0

[Event "Russian Championship B13 1st league 2016"]
[Site "Loo"]
[Date "2016.04.26"]
[Round "7.58"]
[White "Zhuk, Kirill"]
[Black "Zhivotovskii, Dmitrii"]
[Result "1-0"]
[WhiteElo "1515"]
[BlackElo "1457"]
[PlyCount "125"]
[EventDate "2016.04.20"]

1. e4 c5 2. Nf3 e6 3. c4 Nc6 4. Nc3 Be7 5. Be2 Nf6 6. d3 O-O 7. O-O b6 8. a3
Bb7 9. Rb1 Qc7 10. Nb5 Qd8 11. h3 a6 12. Nc3 Qc7 13. Be3 Rfd8 14. Qa4 d5 15.
cxd5 exd5 16. e5 Nxe5 17. Nxe5 Qxe5 18. Bf3 Rab8 19. Bf4 b5 20. Bxe5 bxa4 21.
Bxb8 Rxb8 22. Nxa4 d4 23. Bxb7 Rxb7 24. b4 cxb4 25. axb4 Rxb4 26. Rxb4 Bxb4 27.
Rb1 a5 28. Nb6 Kf8 29. Nc4 Ke7 30. Ra1 Bc3 31. Ra4 Nd5 32. Nxa5 Nb4 33. Nb3 Kf6
34. Nxd4 Nxd3 35. Nf3 Ne5 36. Ra6+ Ke7 37. Nxe5 Bxe5 38. Kf1 Bf6 39. Ke2 Bd4
40. f3 g6 41. Kd3 Bg7 42. Ke4 Kd7 43. Kd5 Ke7 44. g4 Kd7 45. Ra7+ Ke8 46. f4
Kf8 47. Kd6 Kg8 48. Ra8+ Bf8+ 49. Ke5 Kg7 50. Kd5 Be7 51. Ra7 Bf8 52. Kc6 Kf6
53. Kd7 Bh6 54. Ra6+ Kg7 55. g5 Bxg5 56. fxg5 h6 57. h4 hxg5 58. hxg5 f6 59.
Rxf6 Kh7 60. Ke7 Kh8 61. Kf7 Kh7 62. Rxg6 Kh8 63. Rh6# 1-0

[Event "Russian Championship B13 1st league 2016"]
[Site "Loo"]
[Date "2016.04.26"]
[Round "7.60"]
[White "Mamedov, Amin"]
[Black "Savintsev, Vladimir V"]
[Result "1-0"]
[WhiteElo "1358"]
[BlackElo "1559"]
[PlyCount "89"]
[EventDate "2016.04.20"]

1. d4 Nf6 2. c4 d6 3. Nc3 g6 4. e4 Bg7 5. Nf3 O-O 6. Be3 e5 7. dxe5 dxe5 8.
Qxd8 Rxd8 9. Nd5 Nxd5 10. cxd5 f5 11. Bc4 Kh8 12. Ng5 Rf8 13. Bc5 Rf6 14. Be7
Rb6 15. d6 h6 16. Nf7+ Kh7 17. dxc7 Na6 18. O-O Nxc7 19. Bb3 Be6 20. Bxe6 Nxe6
21. exf5 gxf5 22. b3 Re8 23. Ba3 Ra6 24. Bb2 Nd4 25. Rae1 e4 26. Bxd4 Bxd4 27.
Rd1 Bc5 28. Nd8 Re7 29. Rd5 Bb6 30. a4 Bxd8 31. Rxd8 Rb6 32. Rb1 Rc7 33. h3 Rc3
34. Rbd1 Rcxb3 35. Kh2 Ra3 36. R1d4 Kg6 37. Rg8+ Kf7 38. Rgd8 Kf6 39. Rb8 Ke5
40. Rbd8 Rc3 41. R4d5+ Ke6 42. Rd2 Rc7 43. Rh8 Ke7 44. Rh7+ Ke6 45. Rxc7 1-0

[Event "Russian Championship B13 1st league 2016"]
[Site "Loo"]
[Date "2016.04.26"]
[Round "7.62"]
[White "Konotop, Timofey"]
[Black "Poiseev, Nikita"]
[Result "1/2-1/2"]
[WhiteElo "1524"]
[BlackElo "1323"]
[PlyCount "122"]
[EventDate "2016.04.20"]

1. e4 c6 2. d4 d5 3. exd5 cxd5 4. Bd3 Nc6 5. c3 h6 6. Nd2 Nf6 7. h3 e6 8. Ngf3
Bd6 9. O-O O-O 10. Qc2 Bd7 11. Re1 Re8 12. Ne5 Rc8 13. Ndf3 Bxe5 14. dxe5 Nb4
15. Qe2 Nxd3 16. Qxd3 Ne4 17. Be3 a6 18. a4 Rc4 19. a5 Bb5 20. Qc2 Qd7 21. Nd4
Rec8 22. Ra3 Ba4 23. Qb1 Qc7 24. b3 Nxc3 25. Qb2 Rb4 26. Rxa4 Nxa4 27. Qa3 Qxa5
28. Bd2 Qb6 29. Qxb4 Qxb4 30. Bxb4 Nb2 31. Ba3 Nd3 32. Rd1 Nxe5 33. f4 Ng6 34.
f5 Nf4 35. Bd6 Nh5 36. fxe6 fxe6 37. Nxe6 Rc6 38. Rxd5 Nf6 39. Rd4 Ne8 40. Rf4
Nxd6 41. Rf8+ Kh7 42. Rf1 Rb6 43. Nf8+ Kg8 44. Rf3 Ne4 45. Nd7 Rd6 46. Rf8+ Kh7
47. Rd8 Nc5 48. Nf8+ Kg8 49. Rxd6 Kxf8 50. b4 Na4 51. Rd7 b6 52. Ra7 a5 53.
bxa5 bxa5 54. Rxa5 Nb6 55. Rb5 Nd7 56. Kf2 Ke7 57. Ke3 Kf6 58. Kf4 Kg6 59. Rb7
Nc5 60. Rb6+ Kh7 61. Ke3 Nd7 1/2-1/2

[Event "Russian Championship B13 1st league 2016"]
[Site "Loo"]
[Date "2016.04.26"]
[Round "7.63"]
[White "Rublevsky, Mikhail"]
[Black "Klykov, Georgy"]
[Result "0-1"]
[WhiteElo "1237"]
[BlackElo "1519"]
[PlyCount "72"]
[EventDate "2016.04.20"]

1. e4 c5 2. Nc3 g6 3. f4 Bg7 4. Nf3 a6 5. Bc4 e6 6. f5 b5 7. Be2 d5 8. fxe6
Bxe6 9. exd5 Bxd5 10. Nxd5 Qxd5 11. O-O Nf6 12. Re1 O-O 13. c3 Nc6 14. d3 b4
15. Qb3 Qxb3 16. axb3 bxc3 17. bxc3 Nd5 18. Bd2 Nxc3 19. Rac1 Nxe2+ 20. Rxe2
Bd4+ 21. Kf1 a5 22. Rc4 Rfb8 23. Bc3 Rxb3 24. Bxd4 Nxd4 25. Nxd4 cxd4 26. Rxd4
a4 27. Ra2 a3 28. Kf2 Rab8 29. Kf3 Rc3 30. Ra4 Rbb3 31. Ke4 Rxd3 32. Kf4 Re3
33. h4 Kg7 34. g4 h5 35. gxh5 gxh5 36. Kg5 Rg3+ 0-1

[Event "Russian Championship B13 1st league 2016"]
[Site "Loo"]
[Date "2016.04.26"]
[Round "7.65"]
[White "Konovalov, Artem"]
[Black "Sarkisian, Artem"]
[Result "1-0"]
[WhiteElo "1497"]
[BlackElo "1220"]
[PlyCount "71"]
[EventDate "2016.04.20"]

1. b4 Nf6 2. Bb2 g6 3. e3 Bg7 4. Nf3 O-O 5. Be2 b6 6. O-O Bb7 7. a3 d6 8. c4 c5
9. d4 Na6 10. dxc5 dxc5 11. b5 Nc7 12. Nc3 Qxd1 13. Rfxd1 Rfd8 14. Ne5 Nfe8 15.
Bf3 Bxf3 16. Nxf3 Nd6 17. Nd2 Rd7 18. Na4 Rad8 19. Bxg7 Kxg7 20. Nb2 Ne6 21.
Nf3 Ne4 22. Ne5 Nc3 23. Rxd7 Rxd7 24. Nxd7 f6 25. Nd1 Ne4 26. Nb8 Nd2 27. Nb2
Nb3 28. Rd1 Nf8 29. Nc6 Kf7 30. Nxa7 h6 31. Nc8 h5 32. Nxb6 g5 33. Nd7 Ne6 34.
b6 Na5 35. Rd5 Nb7 36. Na4 1-0

[Event "Russian Championship B13 1st league 2016"]
[Site "Loo"]
[Date "2016.04.26"]
[Round "7.71"]
[White "Sychev, Mikhail"]
[Black "Piatkin, Arsenii"]
[Result "0-1"]
[WhiteElo "1482"]
[BlackElo "1417"]
[PlyCount "74"]
[EventDate "2016.04.20"]

1. d4 Nf6 2. c4 e5 3. e3 exd4 4. exd4 d5 5. Nf3 Bb4+ 6. Bd2 Bxd2+ 7. Nbxd2 Bg4
8. Be2 O-O 9. O-O Nc6 10. cxd5 Qxd5 11. Qb3 Nxd4 12. Qxd5 Nxe2+ 13. Kh1 Nxd5
14. Rfe1 Nef4 15. h3 Bxf3 16. Nxf3 Ne6 17. Red1 Nb6 18. Rac1 Rad8 19. Rxd8 Rxd8
20. Kg1 Kf8 21. Kf1 Ke7 22. Ne5 Rd5 23. Nf3 Ra5 24. a3 Rb5 25. Rc2 Rc5 26. Rd2
Rd5 27. Rc2 Rc5 28. Rd2 Rc1+ 29. Ke2 Rc6 30. Kf1 Rc1+ 31. Ke2 c6 32. b3 Rb1 33.
b4 Ra1 34. Rb2 Rxa3 35. Kf1 Ra1+ 36. Ke2 Nc4 37. Rc2 Nf4# 0-1

[Event "Russian Championship B13 1st league 2016"]
[Site "Loo"]
[Date "2016.04.26"]
[Round "7.72"]
[White "Krivich, Ilya"]
[Black "Yusupov, Mark"]
[Result "1-0"]
[WhiteElo "1442"]
[BlackElo "1338"]
[PlyCount "57"]
[EventDate "2016.04.20"]

1. d4 d5 2. c4 e6 3. Nf3 Nf6 4. g3 b6 5. Bg2 Bb7 6. O-O Be7 7. Nc3 O-O 8. Bf4
Nbd7 9. Re1 c5 10. cxd5 Nxd5 11. e4 Nxf4 12. gxf4 cxd4 13. Nxd4 Nc5 14. Re3 Qc7
15. Qg4 e5 16. Nf5 Bf6 17. Rh3 g6 18. Nd5 Bxd5 19. exd5 Qc8 20. fxe5 Bg7 21.
Ne7+ Kh8 22. Nxc8 Raxc8 23. e6 fxe6 24. Qxg6 h6 25. dxe6 Rfe8 26. Bd5 Bxb2 27.
Qxh6+ Kg8 28. e7+ Ne6 29. Bxe6# 1-0

[Event "Russian Championship B13 2016"]
[Site "Loo"]
[Date "2016.04.26"]
[Round "7.1"]
[White "Pogosyan, Stefan"]
[Black "Skatchkov, Valery"]
[Result "1/2-1/2"]
[WhiteElo "2082"]
[BlackElo "2170"]
[PlyCount "92"]
[EventDate "2016.04.20"]

1. d4 d5 2. c4 c6 3. Nf3 Nf6 4. e3 Bf5 5. Nc3 e6 6. Nh4 Bg6 7. Nxg6 hxg6 8. Be2
Bd6 9. h3 Nbd7 10. Bd2 O-O 11. O-O dxc4 12. Bxc4 Qe7 13. Qb3 Rab8 14. a4 e5 15.
Rad1 g5 16. Be2 e4 17. f3 c5 18. Nb5 Bg3 19. Be1 Bxe1 20. Rfxe1 a6 21. Nc3 cxd4
22. exd4 exf3 23. Bxf3 Qd6 24. Nd5 g6 25. a5 Kg7 26. Qa3 Qg3 27. Nxf6 Nxf6 28.
d5 Rfe8 29. Qc3 Rbc8 30. Qd2 Rc2 31. Qxc2 Rxe1+ 32. Rxe1 Qxe1+ 33. Kh2 Qe5+ 34.
Kg1 Nxd5 35. Bxd5 Qxd5 36. Qc3+ Kf8 37. Qb4+ Ke8 38. Qb6 Kd7 39. Kf2 Kc8 40.
Kg1 Qb5 41. Qd6 Qxa5 42. Qf8+ Qd8 43. Qxf7 Qd1+ 44. Kh2 Qd6+ 45. Kh1 g4 46.
Qc4+ Kb8 1/2-1/2

[Event "Russian Championship B13 2016"]
[Site "Loo"]
[Date "2016.04.26"]
[Round "7.2"]
[White "Kazmin, Semen"]
[Black "Stukan, Martin"]
[Result "0-1"]
[WhiteElo "1942"]
[BlackElo "1956"]
[PlyCount "50"]
[EventDate "2016.04.20"]

1. e4 e5 2. Nf3 Nc6 3. Bc4 Bc5 4. c3 Nf6 5. d3 a6 6. Bg5 h6 7. Bh4 d6 8. b4 Ba7
9. O-O Bg4 10. Nbd2 g5 11. Bg3 Nh5 12. Re1 Nxg3 13. hxg3 Qf6 14. Nf1 h5 15.
N1h2 Bd7 16. Qd2 g4 17. Nh4 Ne7 18. Rad1 Ng6 19. Nxg6 fxg6 20. d4 O-O-O 21. Nf1
Rdf8 22. Re2 h4 23. Ne3 Qe7 24. dxe5 hxg3 25. e6 Rh1+ 0-1

[Event "Russian Championship B13 2016"]
[Site "Loo"]
[Date "2016.04.26"]
[Round "7.3"]
[White "Shihaliev, Leonard"]
[Black "Shumilov, Demyan"]
[Result "0-1"]
[WhiteElo "1815"]
[BlackElo "1897"]
[PlyCount "100"]
[EventDate "2016.04.20"]

1. e4 e6 2. d4 d5 3. Nc3 dxe4 4. Nxe4 Bd7 5. Nf3 Bc6 6. Bd3 Nd7 7. c3 Ngf6 8.
Qe2 Be7 9. O-O Nxe4 10. Bxe4 Bxe4 11. Qxe4 c6 12. Bf4 O-O 13. Rfe1 Qa5 14. Be5
Rad8 15. a3 Rfe8 16. Qf4 Nxe5 17. Nxe5 Bf6 18. Ng4 Be7 19. Qg3 Qg5 20. f4 Qg6
21. Re2 c5 22. Rd1 cxd4 23. cxd4 h5 24. Ne5 Qxg3 25. hxg3 Bf6 26. Nf3 Re7 27.
Red2 Rc7 28. Kf2 Kf8 29. Ke3 Ke7 30. Ke4 Rd5 31. Rd3 Rb5 32. R1d2 g6 33. Ke3
Rc1 34. b4 Rd5 35. Rb3 Kd7 36. Rdd3 Rc2 37. Ne1 Ra2 38. Rbc3 h4 39. g4 g5 40.
Nc2 gxf4+ 41. Kxf4 Rb2 42. Rh3 Bg5+ 43. Ke4 Bd2 44. Rc4 b5 45. Rcc3 Bxc3 46.
Rxc3 Rd6 47. Ke3 Rc6 48. Rxc6 Kxc6 49. Kd2 Kd5 50. g5 Rxc2+ 0-1

[Event "Russian Championship B13 2016"]
[Site "Loo"]
[Date "2016.04.26"]
[Round "7.4"]
[White "Tsoi, Dmitry"]
[Black "Makarian, Rudik"]
[Result "1-0"]
[WhiteElo "2127"]
[BlackElo "2016"]
[PlyCount "53"]
[EventDate "2016.04.20"]

1. e4 e6 2. d4 d5 3. Nc3 Bb4 4. e5 c5 5. Bd2 Bxc3 6. Bxc3 b6 7. b4 cxb4 8. Bxb4
Ne7 9. Bb5+ Nd7 10. Ne2 a5 11. Bd6 Nf5 12. Ba3 Qg5 13. O-O Ba6 14. Bxa6 Rxa6
15. Qd3 Ra7 16. Rfc1 f6 17. c4 dxc4 18. Qxc4 Kf7 19. d5 Nxe5 20. dxe6+ Kg6 21.
Qe4 Qg4 22. Nf4+ Kh6 23. f3 Qg5 24. Rc3 Rd8 25. Nh3 Qh5 26. Qf4+ g5 27. Qxf5
1-0

[Event "Russian Championship B13 2016"]
[Site "Loo"]
[Date "2016.04.26"]
[Round "7.5"]
[White "Tarasov, Danila"]
[Black "Tsvetkov, Andrey"]
[Result "1/2-1/2"]
[WhiteElo "1868"]
[BlackElo "2036"]
[PlyCount "167"]
[EventDate "2016.04.20"]

1. e4 c5 2. Nf3 d6 3. d4 cxd4 4. Nxd4 Nf6 5. Nc3 a6 6. Nb3 e6 7. g4 h6 8. Bg2
Qc7 9. Be3 e5 10. h3 Be7 11. O-O Nbd7 12. a4 Nb6 13. Nd2 Bd7 14. a5 Nc4 15.
Nxc4 Qxc4 16. f4 exf4 17. Bxf4 Qc5+ 18. Kh1 O-O 19. Qf3 Rad8 20. Rfe1 Rfe8 21.
Qg3 Bc6 22. Be3 Qc4 23. Bb6 Rd7 24. Rad1 Bd8 25. Rd4 Qe6 26. Bxd8 Rdxd8 27.
Red1 Qe5 28. Qxe5 Rxe5 29. Rxd6 Rxd6 30. Rxd6 Rxa5 31. Nd5 Ne8 32. Rd8 Kf8 33.
Nb4 Ke7 34. Nxc6+ bxc6 35. Ra8 Nd6 36. e5 Nc4 37. Bxc6 Nxe5 38. Bb7 Rb5 39. Be4
Rxb2 40. Rxa6 Rb4 41. Bd3 Rd4 42. Kg2 Nxd3 43. cxd3 Rxd3 44. Rb6 Rd6 45. Rb7+
Kf6 46. Ra7 Kg6 47. Rb7 Rf6 48. Kg3 h5 49. Rb5 hxg4 50. hxg4 Rc6 51. Ra5 f6 52.
Rb5 Rc3+ 53. Kf4 Rc4+ 54. Kg3 Re4 55. Kf3 Re5 56. Rb7 Kh6 57. Kf4 Ra5 58. Rf7
Ra4+ 59. Kg3 Ra6 60. Rb7 g6 61. Rb3 Re6 62. Kf4 Ra6 63. Kg3 Ra5 64. Kf4 Ra4+
65. Kg3 Re4 66. Kf3 Rd4 67. Kg3 Kg5 68. Rb5+ f5 69. gxf5 Rd3+ 70. Kf2 gxf5 71.
Rb8 Kg4 72. Rb2 Ra3 73. Kg2 f4 74. Kf2 Rh3 75. Rb4 Rh2+ 76. Kg1 Re2 77. Kf1 Re3
78. Kf2 Ra3 79. Rb2 Rd3 80. Ra2 Rh3 81. Ra4 Rh2+ 82. Kg1 Rb2 83. Ra3 Re2 84.
Kf1 1/2-1/2

[Event "Russian Championship B13 2016"]
[Site "Loo"]
[Date "2016.04.26"]
[Round "7.6"]
[White "Mochalin, Faddey"]
[Black "Gaydym, Arseniy"]
[Result "0-1"]
[WhiteElo "1866"]
[BlackElo "1959"]
[PlyCount "52"]
[EventDate "2016.04.20"]

1. d4 d5 2. c4 c6 3. Nc3 Nf6 4. e3 a6 5. Qc2 g6 6. Bd3 Bg7 7. Nf3 O-O 8. b3 Bg4
9. Ne5 Be6 10. Bb2 Nbd7 11. Nxd7 Qxd7 12. f3 Rfd8 13. Ne2 Bh6 14. Bc1 c5 15.
O-O Rac8 16. Qb2 b5 17. cxd5 Nxd5 18. e4 Bxc1 19. Nxc1 Nf4 20. d5 Qa7 21. Qf2
Bh3 22. Rd1 Bxg2 23. Qe3 Bxf3 24. Bf1 Bxd1 25. Qxf4 c4+ 26. Kh1 Qd4 0-1

[Event "Russian Championship B13 2016"]
[Site "Loo"]
[Date "2016.04.26"]
[Round "7.7"]
[White "Kirillov, Dmitry"]
[Black "Poznyak, Nazar"]
[Result "0-1"]
[WhiteElo "1930"]
[BlackElo "1762"]
[PlyCount "100"]
[EventDate "2016.04.20"]

1. e4 c5 2. Nf3 d6 3. d4 cxd4 4. Nxd4 e5 5. Nb5 a6 6. N5c3 Nf6 7. Bg5 Be6 8.
Bxf6 Qxf6 9. Nd5 Bxd5 10. Qxd5 Nc6 11. Qb3 b5 12. c3 Be7 13. a4 O-O 14. axb5
axb5 15. Rxa8 Rxa8 16. Bxb5 Nd8 17. O-O Ne6 18. Rd1 Rb8 19. Na3 Qg6 20. Qc2 Nf4
21. f3 d5 22. exd5 Bxa3 23. Qxg6 Bc5+ 24. Kf1 Nxg6 25. c4 Rb6 26. Rb1 Bb4 27.
Ra1 Kf8 28. Ra4 Bd6 29. Ke1 Nf4 30. Ra8+ Ke7 31. Re8+ Kf6 32. Rd8 Nxg2+ 33. Kd2
Nh4 34. Ke3 Nf5+ 35. Ke4 Nd4 36. Ba4 Nf5 37. Bb5 Bc5 38. Ra8 Bd4 39. Ba4 Rxb2
40. Ra6+ Rb6 41. Ra5 Bc3 42. Ra8 Bb4 43. Kd3 Nd6 44. Ra7 Kg5 45. Rc7 Ra6 46.
Bd1 Ra3+ 47. Ke2 Rc3 48. Bb3 Rxb3 49. c5 Bxc5 50. Rxc5 Rb5 0-1

[Event "Russian Championship B13 2016"]
[Site "Loo"]
[Date "2016.04.26"]
[Round "7.8"]
[White "Kulik, Artur"]
[Black "Ismagilov, Damir"]
[Result "1-0"]
[WhiteElo "1739"]
[BlackElo "1929"]
[PlyCount "57"]
[EventDate "2016.04.20"]

1. d4 d5 2. c4 dxc4 3. e4 e5 4. Nf3 exd4 5. Bxc4 Nc6 6. O-O Be6 7. Bb5 Bd7 8.
Bxc6 Bxc6 9. Nxd4 Bd7 10. Nc3 Bc5 11. Be3 Nf6 12. e5 Ng4 13. e6 Bxe6 14. Nxe6
Qxd1 15. Nxg7+ Kd7 16. Rfxd1+ Bd6 17. Nf5 Nxe3 18. Nxe3 Rhg8 19. Ncd5 Rg6 20.
Nc4 Re8 21. Nxd6 Rxd6 22. Nf6+ Kc6 23. Rxd6+ cxd6 24. Rc1+ Kb6 25. Nxe8 f5 26.
Nxd6 f4 27. b4 a6 28. a4 f3 29. Nc8# 1-0

[Event "Russian Championship B13 2016"]
[Site "Loo"]
[Date "2016.04.26"]
[Round "7.9"]
[White "Don, Aleksandr"]
[Black "Shaykhaliev, Dzhokhar"]
[Result "1-0"]
[WhiteElo "1933"]
[BlackElo "1710"]
[PlyCount "83"]
[EventDate "2016.04.20"]

1. d4 d5 2. c4 c6 3. cxd5 cxd5 4. Nc3 Nf6 5. Bf4 a6 6. e3 Nc6 7. Bd3 e6 8. Nf3
h6 9. a3 Nh5 10. Be5 Nxe5 11. Nxe5 Nf6 12. O-O Bd6 13. f4 O-O 14. g4 Nd7 15.
Bc2 Bxe5 16. dxe5 Qb6 17. Qd3 g6 18. b4 Rd8 19. h4 Nf8 20. Rad1 Bd7 21. f5 Bb5
22. Nxb5 Qxb5 23. fxg6 Nxg6 24. Qxb5 axb5 25. Bxg6 fxg6 26. Rf6 Rxa3 27. Rxg6+
Kf7 28. Rf6+ Ke7 29. Rxh6 Rxe3 30. Rh7+ Ke8 31. g5 Rd7 32. Rh8+ Ke7 33. Kf2
Rxe5 34. Rg1 d4 35. g6 Kf6 36. h5 d3 37. h6 Rg5 38. Rxg5 Kxg5 39. g7 d2 40.
g8=Q+ Kf6 41. Qd8+ Rxd8 42. Rxd8 1-0

[Event "Russian Championship B13 2016"]
[Site "Loo"]
[Date "2016.04.26"]
[Round "7.10"]
[White "Ter-Saakian, Grigorii"]
[Black "Yarosh, Ruslan"]
[Result "0-1"]
[WhiteElo "1921"]
[BlackElo "1791"]
[PlyCount "96"]
[EventDate "2016.04.20"]

1. d4 Nf6 2. c4 g6 3. Nc3 Bg7 4. e4 d6 5. Nf3 O-O 6. Be2 e5 7. d5 a5 8. Bg5 Na6
9. Nd2 h6 10. Bh4 Bd7 11. O-O Qe8 12. b3 Nh7 13. a3 h5 14. f3 Bf6 15. Bf2 Qe7
16. Qc2 Bg5 17. Rfb1 h4 18. b4 axb4 19. axb4 Nxb4 20. Qb2 Na6 21. Nb3 b6 22.
Qa2 Qd8 23. Qc2 Nc5 24. Nxc5 Rxa1 25. Rxa1 dxc5 26. Ra7 Be7 27. Qa2 Bd6 28. Bd1
Qg5 29. Qb2 f5 30. Ba4 Bxa4 31. Rxa4 Nf6 32. exf5 gxf5 33. Nb5 h3 34. g3 e4 35.
Nxd6 cxd6 36. f4 Qg4 37. Qd2 Qf3 38. Be3 Ng4 39. Ra3 Nxe3 40. Rxe3 Qg4 41. Ra3
Re8 42. Qe3 Qd1+ 43. Kf2 Qh1 44. Ra7 Qxh2+ 45. Kf1 Qh1+ 46. Qg1 Qf3+ 47. Qf2 h2
48. Qxf3 exf3 0-1

[Event "Russian Championship B13 2016"]
[Site "Loo"]
[Date "2016.04.26"]
[Round "7.11"]
[White "Pshmahov, Osman"]
[Black "Babakekhyan, Artem"]
[Result "1-0"]
[WhiteElo "1878"]
[BlackElo "1846"]
[PlyCount "119"]
[EventDate "2016.04.20"]

1. e4 c5 2. Nf3 d6 3. d4 cxd4 4. Nxd4 Nf6 5. Nc3 g6 6. Be3 Bg7 7. f3 O-O 8. Qd2
Nc6 9. O-O-O Nxd4 10. Bxd4 Be6 11. Kb1 Qc7 12. h4 Rfc8 13. h5 Qa5 14. hxg6 hxg6
15. a3 Rab8 16. Bd3 Bc4 17. Bxc4 Rxc4 18. Qc1 Rbc8 19. Nd5 Kf8 20. Bxf6 Bxf6
21. Nxf6 exf6 22. Rd5 Qb6 23. Rh7 Rxc2 24. Rh8+ Ke7 25. Rxc8 Rxc1+ 26. Rxc1 Ke6
27. g4 Qf2 28. Rc3 Qb6 29. Ka2 a6 30. Rcd3 Qc6 31. R3d4 Qb6 32. f4 Ke7 33. Rc4
Ke6 34. a4 Qe3 35. Rcd4 Qxf4 36. e5 Qxd4 37. Rxd4 fxe5 38. Rb4 f5 39. gxf5+
gxf5 40. Kb3 Kd5 41. Rxb7 Kd4 42. Kc2 Ke3 43. b4 f4 44. b5 axb5 45. axb5 Kd4
46. b6 Kc5 47. Rb8 Kc6 48. b7 Kc7 49. Rd8 Kxd8 50. b8=Q+ Ke7 51. Kd3 Ke6 52.
Qb7 Kf5 53. Qe4+ Kg4 54. Qg2+ Kf5 55. Qf3 Ke6 56. Kc4 Kf5 57. Kd5 Kg6 58. Kxd6
Kf5 59. Kd5 Kf6 60. Qg4 1-0

[Event "Russian Championship B13 2016"]
[Site "Loo"]
[Date "2016.04.26"]
[Round "7.12"]
[White "Golovin, Nikita A"]
[Black "Galichkin, Ilya"]
[Result "0-1"]
[WhiteElo "1853"]
[BlackElo "1866"]
[PlyCount "112"]
[EventDate "2016.04.20"]

1. d4 Nf6 2. c4 e6 3. Nc3 Bb4 4. Qb3 c5 5. dxc5 Na6 6. Bg5 O-O 7. Nf3 Bxc5 8.
e3 Be7 9. Be2 b6 10. O-O Bb7 11. Rfd1 Nc5 12. Qc2 Nce4 13. Nxe4 Nxe4 14. Bxe7
Qxe7 15. Bd3 f5 16. Ne1 Bc6 17. f3 Nf6 18. Qf2 g6 19. Nc2 e5 20. Be2 Kg7 21.
Rd2 Rfd8 22. b4 d5 23. Rad1 Rac8 24. Qh4 Ba4 25. Bf1 Bxc2 26. Rxc2 Qxb4 27.
Rcd2 Qc5 28. Kh1 Rd6 29. e4 fxe4 30. fxe4 d4 31. Bd3 Rf8 32. Rf1 Rd7 33. Rdf2
Rdf7 34. Qh3 Nh5 35. Rxf7+ Rxf7 36. Rxf7+ Kxf7 37. Qd7+ Qe7 38. Qd5+ Kg7 39. g3
Nf6 40. Qb5 Nd7 41. Qd5 Nc5 42. Bf1 Qe6 43. Qxe6 Nxe6 44. Kg2 Kf6 45. h4 Nd8
46. Kf3 h6 47. Bh3 Nb7 48. Bd7 Nd6 49. Bc6 Nxc4 50. g4 g5 51. h5 Ke7 52. Ke2
Kd6 53. Bb5 Ne3 54. Kf3 Kc5 55. a4 Kb4 56. Be8 Nd1 0-1

[Event "Russian Championship B13 2016"]
[Site "Loo"]
[Date "2016.04.26"]
[Round "7.13"]
[White "Esipenko, Aleksandr"]
[Black "Zhakamukhov, Eduard"]
[Result "1/2-1/2"]
[WhiteElo "1846"]
[BlackElo "1794"]
[PlyCount "85"]
[EventDate "2016.04.20"]

1. d4 Nf6 2. Nf3 g6 3. c4 Bg7 4. Nc3 d6 5. e4 O-O 6. Be2 e5 7. d5 a5 8. O-O
Nbd7 9. Qc2 Nh5 10. g3 Nc5 11. Nh4 Bh3 12. Rd1 Nf6 13. b3 Qd7 14. f3 h5 15. Be3
b6 16. Rab1 Kh7 17. Bf1 Ng8 18. Nb5 Bxf1 19. Rxf1 Bh6 20. Qe2 Rae8 21. a3 Ne7
22. b4 Nb7 23. Bxh6 Kxh6 24. Qe3+ Kh7 25. Kh1 f6 26. Rbe1 g5 27. Ng2 Ng6 28. f4
Qe7 29. f5 Nh8 30. Qe2 Kh6 31. Qd2 Kg7 32. h3 Ra8 33. Ra1 Nf7 34. Qe2 Rh8 35.
Kg1 Qd7 36. Ne3 Kh6 37. Kh2 Rab8 38. Rfc1 Ra8 39. Kg2 Rhc8 40. Qd2 Kg7 41. Qe2
Kh6 42. Kh2 Qe8 43. Qd2 1/2-1/2

[Event "Russian Championship B13 2016"]
[Site "Loo"]
[Date "2016.04.26"]
[Round "7.14"]
[White "Belkov, Nikolay"]
[Black "Grachev, Alexey"]
[Result "0-1"]
[WhiteElo "1779"]
[BlackElo "1990"]
[PlyCount "119"]
[EventDate "2016.04.20"]

1. d4 d5 2. c4 c6 3. Nc3 Nf6 4. Nf3 e6 5. e3 Nbd7 6. Bd3 dxc4 7. Bxc4 b5 8. Be2
Bb7 9. a3 a6 10. b4 Be7 11. O-O O-O 12. Bd2 Qb8 13. Bd3 e5 14. Qc2 exd4 15.
exd4 h6 16. Qc1 Re8 17. h3 Bf8 18. Bf4 Bd6 19. Bd2 Qd8 20. Nh4 Bf8 21. Nf5 c5
22. Be3 c4 23. Bc2 h5 24. Qb1 g6 25. Nh6+ Bxh6 26. Bxh6 Kh7 27. Be3 Nb6 28. Qd1
Nbd5 29. Qd2 Nxc3 30. Qxc3 Qd5 31. f3 Qd6 32. Qd2 Nd5 33. Rfe1 Rad8 34. Rad1
Qd7 35. Bf2 Rxe1+ 36. Rxe1 Re8 37. Be4 Nf6 38. Bxb7 Rxe1+ 39. Qxe1 Qxb7 40. Qe5
Nd5 41. Kf1 Qc6 42. Ke1 Qe6 43. Qxe6 fxe6 44. g3 Kg7 45. Kd2 g5 46. Be1 Kf6 47.
Ke2 Kf5 48. Bd2 Ne7 49. g4+ Kg6 50. Ke3 hxg4 51. hxg4 Kf6 52. Ke4 Nd5 53. Bc1
Nc3+ 54. Ke3 Na2 55. Bb2 c3 56. Ba1 c2 57. Bb2 c1=Q+ 58. Bxc1 Nxc1 59. Kd2 Nb3+
60. Kd3 {далее запись неразбор~~ива} 0-1

[Event "Russian Championship B13 2016"]
[Site "Loo"]
[Date "2016.04.26"]
[Round "7.15"]
[White "Tsybikov, Tumen"]
[Black "Shadunts, Kirill"]
[Result "1-0"]
[WhiteElo "1977"]
[BlackElo "1715"]
[PlyCount "87"]
[EventDate "2016.04.20"]

1. e4 e6 2. d4 d5 3. Bd3 dxe4 4. Bxe4 Nf6 5. Bf3 Bd6 6. Ne2 c6 7. O-O O-O 8. c4
Nbd7 9. Nbc3 Re8 10. Ng3 Bxg3 11. hxg3 e5 12. Be3 e4 13. Be2 Nf8 14. Qc2 Bf5
15. Rad1 Qe7 16. d5 cxd5 17. Nxd5 Nxd5 18. Rxd5 Be6 19. Rd2 f5 20. Rfd1 Nd7 21.
Qb3 b6 22. Qb5 Red8 23. Qc6 Nf8 24. Qa4 Rxd2 25. Rxd2 Rc8 26. Bf4 Ng6 27. Bd6
Qd7 28. b3 Rd8 29. Qb4 Qe8 30. Bc7 Rxd2 31. Qxd2 Qd7 32. Qxd7 Bxd7 33. Bd6 Kf7
34. a4 Be6 35. Bb8 a6 36. Bc7 b5 37. cxb5 axb5 38. axb5 Bxb3 39. b6 Nf8 40. b7
Nd7 41. Bb5 Bd5 42. Bxd7 Bxb7 43. Bxf5 g6 44. Bd7 1-0

[Event "Russian Championship B13 2016"]
[Site "Loo"]
[Date "2016.04.26"]
[Round "7.16"]
[White "Sabirov, Timur"]
[Black "Privalov, Igor"]
[Result "1-0"]
[WhiteElo "1781"]
[BlackElo "1864"]
[PlyCount "87"]
[EventDate "2016.04.20"]

1. c4 Nf6 2. Nc3 g6 3. e4 d6 4. h3 Bg7 5. g3 O-O 6. Bg2 e5 7. Nge2 Nc6 8. d3
Nd7 9. Nd5 a5 10. Be3 f5 11. O-O Nf6 12. Nxf6+ Bxf6 13. Bh6 Bg7 14. Bxg7 Kxg7
15. f4 Be6 16. b3 Qd7 17. Kh2 Rae8 18. Qd2 b6 19. Rad1 Kg8 20. fxe5 dxe5 21.
exf5 Bxf5 22. g4 Be6 23. Ng3 Rxf1 24. Rxf1 Rf8 25. Re1 Qd4 26. Ne2 Qc5 27. d4
exd4 28. Ng3 Ne5 29. Ne4 Qe7 30. Qxd4 Nxg4+ 31. Kg1 Qh4 32. Rf1 Rd8 33. Qc3 Nh6
34. Nf6+ Kh8 35. Nd5+ Kg8 36. Rf4 Ng4 37. Nf6+ Nxf6 38. Rxh4 Rd1+ 39. Kh2 Kf7
40. Rf4 Bf5 41. Bd5+ Kg7 42. Qg3 Rd2+ 43. Bg2 Ne4 44. Rxe4 1-0

[Event "Russian Championship B13 2016"]
[Site "Loo"]
[Date "2016.04.26"]
[Round "7.17"]
[White "Terzyan, Nazar"]
[Black "Rubtsov, Aleksandr"]
[Result "1/2-1/2"]
[WhiteElo "1708"]
[BlackElo "1834"]
[PlyCount "93"]
[EventDate "2016.04.20"]

1. e4 c5 2. Nf3 d6 3. d4 cxd4 4. Qxd4 Nc6 5. Bb5 Bd7 6. Bxc6 Bxc6 7. Nc3 Nf6 8.
Bg5 e6 9. O-O-O Be7 10. Rhe1 a6 11. Bxf6 gxf6 12. Qe3 Qa5 13. Nd5 Bxd5 14. exd5
e5 15. Kb1 Qa4 16. Rd4 Qd7 17. Rd3 b5 18. Rc3 Rc8 19. Rxc8+ Qxc8 20. Nd4 Qc5
21. Nc6 Qxd5 22. Qb6 Kf8 23. Qc7 Qe6 24. f3 f5 25. Nd4 Qf6 26. Qc8+ Bd8 27.
Nxf5 Rg8 28. Rd1 Rxg2 29. a3 Rg5 30. Rxd6 Qxf5 31. Rxd8+ Kg7 32. Rg8+ Kh6 33.
Qxa6+ Rg6 34. Rxg6+ hxg6 35. Qxb5 Qxf3 36. Qxe5 Qd1+ 37. Ka2 Qxc2 38. Qf4+ Kg7
39. Qe5+ Kh6 40. Qc3 Qe4 41. Qf6 Qd5+ 42. b3 Kh5 43. h4 Qd2+ 44. Kb1 Qd1+ 45.
Ka2 Qd2+ 46. Kb1 Qd1+ 47. Ka2 1/2-1/2